Высокие технологии в современной науке и технике: сборник научных трудов IV Международной научно-технической конференции молодых ученых, аспирантов и студентов, г. Томск, 21-24 апреля 2015 г.

Podrobná bibliografie
Korporace: Высокие технологии в современной науке и технике конференция, Национальный исследовательский Томский политехнический университет (ТПУ)
Další autoři: Яковлев А. Н. Алексей Николаевич (редактор)
Shrnutí:Заглавие с экрана
Сборник трудов конференции «Высокие технологии в современной науке и технике» охватывает широкий спектр научных проблем. Объединяющим звеном представленных материалов является направленность докладов участников на обсуждение современных достижений науки в области высоких технологий и их практической реализации. В текстах обсуждаются проблемы пучково-плазменных и электроразрядных технологий, особенностей создания и использования наноматериалов и материалов нового поколения, современные достижения в области оптики, лазерной техники, химии и технологии органических и неорганических биоматериалов, рассматриваются достижения машиностроения и особенности моделирование физических явлений. Значительная часть представленных в сборнике материалов соответствует приоритетным направлениям развития науки, технологий и техники РФ и направлена на решение научных и производственных задач, связанных с физикой и химией обработки материалов, оптическими и плазменными технологиями, а также необходимостью развития машиностроения и создания новых материалов.
Jazyk:ruština
Vydáno: Томск, Изд-во ТПУ, 2015
Témata:
On-line přístup:http://earchive.tpu.ru/handle/11683/15595
http://www.lib.tpu.ru/fulltext/c/2015/C17/C17.pdf
Médium: Elektronický zdroj Kniha
KOHA link:https://koha.lib.tpu.ru/cgi-bin/koha/opac-detail.pl?biblionumber=613515

MARC

LEADER 00000nam0a2200000 4500
001 613515
005 20231102023428.0
035 |a (RuTPU)RU\TPU\conf\11660 
090 |a 613515 
100 |a 20150818d2015 k y0rusy50 ca 
101 0 |a rus 
102 |a RU 
105 |a y z 101zy 
135 |a drcn ---uucaa 
181 0 |a i  
182 0 |a b 
200 1 |a Высокие технологии в современной науке и технике  |e сборник научных трудов IV Международной научно-технической конференции молодых ученых, аспирантов и студентов, г. Томск, 21-24 апреля 2015 г.  |f Национальный исследовательский Томский политехнический университет (ТПУ) ; под ред. А. Н. Яковлева 
203 |a Текст  |c электронный 
210 |a Томск  |c Изд-во ТПУ  |d 2015 
230 |a 1 компьютерный файл (pdf; 17 MB) 
300 |a Заглавие с экрана 
330 |a Сборник трудов конференции «Высокие технологии в современной науке и технике» охватывает широкий спектр научных проблем. Объединяющим звеном представленных материалов является направленность докладов участников на обсуждение современных достижений науки в области высоких технологий и их практической реализации. В текстах обсуждаются проблемы пучково-плазменных и электроразрядных технологий, особенностей создания и использования наноматериалов и материалов нового поколения, современные достижения в области оптики, лазерной техники, химии и технологии органических и неорганических биоматериалов, рассматриваются достижения машиностроения и особенности моделирование физических явлений. Значительная часть представленных в сборнике материалов соответствует приоритетным направлениям развития науки, технологий и техники РФ и направлена на решение научных и производственных задач, связанных с физикой и химией обработки материалов, оптическими и плазменными технологиями, а также необходимостью развития машиностроения и создания новых материалов. 
337 |a Adobe Reader 
606 1 |a Высокие технологии  |x Общие вопросы  |2 stltpush  |3 (RuTPU)RU\TPU\subj\67422  |9 83235 
606 1 |a Инновации технические  |x Внедрение  |2 stltpush  |3 (RuTPU)RU\TPU\subj\68848  |9 83957 
610 1 |a электронный ресурс 
610 1 |a труды учёных ТПУ 
610 1 |a материалы конференций 
610 1 |a высокие технологии 
610 1 |a наука 
610 1 |a техника 
610 1 |a достижения науки 
610 1 |a электроразрядные технологии 
610 1 |a наноматериалы 
610 1 |a пучково-плазменные технологии 
610 1 |a оптика 
610 1 |a лазерная техника 
610 1 |a биоматериалы 
610 1 |a химия 
610 1 |a машиностроение 
610 1 |a моделирование 
610 1 |a обработка материалов 
610 1 |a новые материалы 
610 1 |a физика 
610 1 |a оптические технологии 
610 1 |a надежность 
675 |a 62.001.5(063)  |v 3 
702 1 |a Яковлев  |b А. Н.  |c специалист в области светотехники  |c проректор-директор Томского политехнического университета, кандидат физико-математических наук  |f 1971-  |g Алексей Николаевич  |2 stltpush  |3 (RuTPU)RU\TPU\pers\29892  |4 340 
712 1 2 |a Высокие технологии в современной науке и технике  |b конференция  |d 4  |e Томск  |f 2015 
712 0 2 |a Национальный исследовательский Томский политехнический университет (ТПУ)  |c (2009- )  |2 stltpush  |3 (RuTPU)RU\TPU\col\15902 
801 2 |a RU  |b 63413507  |c 20210209  |g RCR 
856 4 |u http://earchive.tpu.ru/handle/11683/15595 
856 4 |u http://www.lib.tpu.ru/fulltext/c/2015/C17/C17.pdf 
942 |c BK